|
|
|
|
| LEADER |
01915nam a2200517 a 4500 |
| 001 |
nkc20071749687 |
| 003 |
CZ PrNK |
| 005 |
20071102110737.0 |
| 007 |
ta |
| 008 |
070830s2007 xr a f f 000 0 cze |
| 015 |
|
|
|a cnb001749687
|
| 020 |
|
|
|a 978-80-7232-306-7
|q (brož.)
|
| 035 |
|
|
|a (OCoLC)190416992
|
| 040 |
|
|
|a OLA001
|b cze
|d BOA001
|d ABA001
|
| 041 |
1 |
|
|a cze
|h eng
|
| 072 |
|
7 |
|a 629
|x Dopravní prostředky
|2 Konspekt
|9 19
|
| 080 |
|
|
|a 629.331
|2 MRF
|
| 080 |
|
|
|a 629.083
|2 MRF
|
| 080 |
|
|
|a (035)
|2 MRF
|
| 100 |
1 |
|
|a Jex, R. M.
|q (Robert M.)
|7 xx0038905
|4 aut
|
| 245 |
1 |
0 |
|a Údržba a opravy automobilů Toyota Yaris od 1999 do 2005 :
|b zážehové motory ... /
|c R.M. Jex ; [překlad Nela Šiveňová]
|
| 246 |
3 |
0 |
|a Toyota Yaris od 1999 do 2005
|
| 246 |
1 |
4 |
|a Toyota Yaris 4/99-12/05
|
| 246 |
1 |
8 |
|a Toyota Yaris 1999-2005
|
| 250 |
|
|
|a 1. vyd.
|
| 260 |
|
|
|a České Budějovice :
|b Kopp,
|c 2007
|
| 300 |
|
|
|a 263 s. :
|b il. ;
|c 29 cm
|
| 490 |
1 |
|
|a Jak na to? ;
|v 86
|
| 500 |
|
|
|a Přeloženo z angličtiny
|
| 500 |
|
|
|a Terminologický slovník
|
| 650 |
0 |
7 |
|a Toyota Yaris
|7 ph416446
|2 czenas
|
| 650 |
0 |
7 |
|a osobní automobily
|7 ph115616
|2 czenas
|
| 650 |
0 |
7 |
|a opravy a údržba dopravních prostředků
|7 ph136664
|2 czenas
|
| 650 |
0 |
9 |
|a Toyota Yaris
|2 eczenas
|
| 650 |
0 |
9 |
|a passenger cars
|2 eczenas
|
| 650 |
0 |
9 |
|a vehicle maintenance and repair
|2 eczenas
|
| 655 |
|
7 |
|a příručky
|7 fd133209
|2 czenas
|
| 655 |
|
9 |
|a handbooks and manuals
|2 eczenas
|
| 765 |
0 |
|
|t Haynes service and repair manual - Toyota Yaris 1999-2005 petrol
|9 Česky
|
| 830 |
|
0 |
|a Jak na to? (Kopp)
|0 s
|
| 856 |
4 |
1 |
|u http://www.digitalniknihovna.cz/mzk/uuid/uuid:dd47e600-7481-11e8-9690-005056827e51
|y Digitalizovaný dokument
|x NDK
|
| 910 |
2 |
|
|a BOA001
|b 3-1191.564
|
| 990 |
|
|
|a BK
|
| 995 |
|
|
|a 01
|
| 991 |
|
|
|b 200709
|c NOV
|
| 996 |
6 |
|
|b 2610319210
|c 3-1191.564
|l MZK
|r Sklad / do 1 hodiny
|n 5
|p p.v.
|w 000863960
|u 000010
|a 1
|e BOA001
|j MZK50
|s P
|